000
00286nam a2200133Ia 4500
005
20251222144903.0
008
251222s9999||||xx |||||||||||||| ||spa||
020
_a
84-249-3536-5
082
_a
872.6/S38
100
_a
Séneca
245
0
_a
Tragedias
264
_b
Gredos
942
_c
LIB
999
_c
22077
_d
22077